| 000 | 00676cam a22002413a 4500 | ||
|---|---|---|---|
| 001 | 29190 | ||
| 003 | PGUSA | ||
| 005 | 20140828083630.0 | ||
| 008 | 090621s2009||||xxu|||||s|||||000 1 eng d | ||
| 040 |
_aPGUSA _beng |
||
| 042 | _adc | ||
| 050 | 4 | _aPS | |
| 100 | 1 |
_aZagat, Arthur Leo, _d1896-1949 |
|
| 245 | 1 | 4 |
_aThe Great Dome on Mercury _h[electronic resource] / _cArthur Leo Zagat |
| 260 |
_bProject Gutenberg, _c2009 |
||
| 506 | _aPublic domain in the USA. | ||
| 516 | _aElectronic text | ||
| 653 | _aMercury (Planet) -- Fiction | ||
| 653 | _aScience fiction | ||
| 830 | 0 |
_aProject Gutenberg _v29190 |
|
| 856 | 4 | 0 | _uhttp://www.gutenberg.org/ebooks/29190 |
| 942 | _cEB | ||
| 999 |
_c258445 _d258445 |
||